000 00803nam a2200217Ia 4500
003 GCL
008 140319s9999 xx 000 0 ara d
020 _a2069310977
040 _aGCL /
_cGCL
082 0 4 _a925.3
_bع ر
100 1 _aعادل طه يونس
245 1 0 _aرواد العلم فى القرن العشرين :
_bترجمة لحياة العلماء الحائزين على جوائز نوبل فى الفيزياء على مدى 92 عاما (1901 - 1993) /
_cعادل طه يونس
250 _aالاولى
260 _aالقاهرة :
_bدار الفكر العربى ،
_c1994
300 _a330 ص ؛
_c24 سم
650 0 4 _aالعلماء
650 0 4 _aالفيزيائيون
650 0 4 _aجائزة نوبل
650 0 4 _aالفيزياء - تراجم
942 _2ddc
_cBK
999 _c4473
_d4473